Richard Rogers : (Record no. 352915)

000 -LEADER
fixed length control field 01072 a2200289 4500
003 - CONTROL NUMBER IDENTIFIER
control field OSt
005 - DATE AND TIME OF LATEST TRANSACTION
control field 20260203103139.0
008 - FIXED-LENGTH DATA ELEMENTS--GENERAL INFORMATION
fixed length control field 120601t xxu||||| |||| 00| 0 eng d
010 ## - LIBRARY OF CONGRESS CONTROL NUMBER
LC control number 00500991
020 ## - INTERNATIONAL STANDARD BOOK NUMBER
International Standard Book Number 0714837466
035 ## - SYSTEM CONTROL NUMBER
System control number (OCoLC)ocm43060863
040 ## - CATALOGING SOURCE
Transcribing agency 0
082 00 - DEWEY DECIMAL CLASSIFICATION NUMBER
Classification number 720.92
100 1# - MAIN ENTRY--PERSONAL NAME
Personal name Powell, Kenneth.
9 (RLIN) 133047
245 10 - TITLE STATEMENT
Title Richard Rogers :
Remainder of title complete works /
Statement of responsibility, etc. Kenneth Powell.
260 ## - PUBLICATION, DISTRIBUTION, ETC.
Place of publication, distribution, etc. London :
Name of publisher, distributor, etc. Phaidon,
Date of publication, distribution, etc. 1999-< 2001>
300 ## - PHYSICAL DESCRIPTION
Extent v. <1-3 > :
Other physical details ill. (some col.), port. (some col.) ;
Dimensions 30 cm.
500 ## - GENERAL NOTE
General note Includes indexes.
505 1# - FORMATTED CONTENTS NOTE
Formatted contents note v. 1. Team 4, Richard + Su Rogers, Piano + Rogers, Richard Rogers Partnership -- v. 2. Complete works -- v. 3. Complete works --
600 10 - SUBJECT ADDED ENTRY--PERSONAL NAME
Personal name Rogers, Richard George.
9 (RLIN) 133042
610 20 - SUBJECT ADDED ENTRY--CORPORATE NAME
Corporate name or jurisdiction name as entry element Richard Rogers Partnership.
9 (RLIN) 133043
650 #0 - SUBJECT ADDED ENTRY--TOPICAL TERM
Topical term or geographic name entry element Architecture, Modern
Chronological subdivision 20th century
9 (RLIN) 3624
650 #0 - SUBJECT ADDED ENTRY--TOPICAL TERM
Topical term or geographic name entry element Architects
Geographic subdivision England
9 (RLIN) 120471
700 1# - ADDED ENTRY--PERSONAL NAME
Personal name Rogers, Richard George.
9 (RLIN) 133042
942 ## - ADDED ENTRY ELEMENTS (KOHA)
Institution code [OBSOLETE] SADA
Koha item type Book
Call number prefix 720.92 POW 1999
Source of classification or shelving scheme
Holdings
Withdrawn status Lost status Source of classification or shelving scheme Damaged status Not for loan Permanent Location Current Location Date acquired Total Checkouts Full call number Barcode Date last seen Date last checked out Cost, replacement price Price effective from Koha item type
          School of Art Design and Architecture (SADA) School of Art Design and Architecture (SADA) 05/20/2011 1 720.92 POW 1999 SADA0001047 01/02/2012 12/16/2011 6552.00 08/05/2011 Book
© 2023 Central Library, National University of Sciences and Technology. All Rights Reserved.